| 000 | 00811nas a2200241 4500 | ||
|---|---|---|---|
| 001 | BR2017002810 | ||
| 003 | BR-BrBNA | ||
| 005 | 20231205131110.0 | ||
| 007 | ta | ||
| 008 | 230509b bl.|||p| |||| 00| 00por d | ||
| 040 |
_aBR-BrBNA _bpor _cBiblioteca Nacional de Agricultura |
||
| 041 | _a(Pt) | ||
| 072 | _aC20 | ||
| 100 | 1 | _aKreutz, I.J. | |
| 100 | 1 | _aPinheiro, S.L.G. | |
| 100 | 1 | _aCazella, A.A. | |
| 245 | 1 | _aA construção de novas atribuições para a assistência técnica e extensão rural: a mediação com reconhecimento da identidade | |
| 650 | _aEXTENSÃO RURAL | ||
| 650 | _aDESENVOLVIMENTO RURAL | ||
| 773 | 0 |
_tExtensão Rural. Revista do Deaer (Brazil) _xISSN 1415-7802 _g(Jan-Dec 2005), v. 12 p. 41-68 _wBR2017002810 |
|
| 909 |
_a202311 _bLúcia _c55 _dLúcia Elande |
||
| 942 |
_2AGRIS _n0 _cANA |
||
| 999 |
_c253019 _d253019 |
||